000 00613nam a22001697a 4500
003 OSt
005 20120302145657.0
008 090519t xxu||||| |||| 00| 0 eng d
035 _a४६७९
040 _cमराठी
100 _aनेरुरकर, प्र. श्री.
_95231
245 _aरोंबाट
250 _a१ ली
260 _aकुडाळ
_bचिंतामणी साहित्य सहयोग सहकारी प्रकाशन संस्था मर्यादित
_c१९८८
300 _b१४४ पाने
942 _2ddc
_cBOOK
999 _c490340
_d490337